000 00578nam a2200205 a 4500
005 20140310183304.0
008 050803s19uu xx 00 eng d
020 _a131230212
050 _aT 58.6
_b.M478 2004
100 _aMcLeod, Raymond Jr.
245 _aManagement information systems/.
_cRaymond McLeod, Jr.
250 _a9th ed.
260 _aSingapore :
_bPearson Education Asia,
_c2004.
300 _a420 p. :
_bill. ;
_c25 cm.
521 _aIT
650 _aManagement information system.
700 _aSchell, George
942 _cBK
_2lcc
_kFOR
999 _c21062
_d21062